| 000 | 00665nam a2200265Ia 4500 | ||
|---|---|---|---|
| 008 | 160321s9999||||xx |||||||||||||| ||und|| | ||
| 040 | _cEnglish | ||
| 082 | _aXIC/Kamath | ||
| 082 | _bBORI-51169 | ||
| 100 | _aM. V. Kamath | ||
| 245 | _aPhilosophy Of Death and Dying | ||
| 260 | _bHimalayan International Institute | ||
| 300 | _aXiV+335 | ||
| 300 | _cB | ||
| 300 | _ePaperback | ||
| 530 | _u00085606.pdf | ||
| 563 | _aStudy | ||
| 600 | _aM. V. Kamath | ||
| 630 | _aPhilosophy Of Death and Dying | ||
| 650 | _aGeneral Indology | ||
| 650 | _aPhilosophy | ||
| 700 | _aM. V. Kamath | ||
| 730 | _aPhilosophy Of Death and Dying | ||
| 942 | _cBOOK | ||
| 999 |
_c1363784 _d1363781 |
||